000 00555nam a2200181Ia 4500
008 100921s9999 xx 000 0 und d
082 _b16140
_a891.463 थ 79
100 _aटिळक सुमन.
245 _aतृषार्त.
260 _bनिशांत प्रकाशन, पुणे.
_c1979
300 _a146
_b---
365 _b15
520 _aललित-कादंबरी.
630 _aतृषार्त.
650 _aललित-कादंबरी.
730 _aतृषार्त.
942 _cBOOK
999 _c765253
_d765250